000 00395nam a2200157Ia 4500
008 230312s9999||||xx |||||||||||||| ||und||
020 _a81-85274-49-5
082 _a541.2
_bDUN-E
100 _aDuncan,T
245 0 _aElectronics and Nuclear Physics
260 _bUniversal Book Stall
_aIndia
_c1992
300 _a286
546 _aEng.
650 _aEngineering
_vSI Units,Electron
942 _cBK
999 _c1809
_d1809